Concepts of Physics (Record no. 1123)

MARC details
000 -LEADER
fixed length control field 00345nam a22001457a 4500
005 - DATE AND TIME OF LATEST TRANSACTION
control field 20160519152452.0
008 - FIXED-LENGTH DATA ELEMENTS--GENERAL INFORMATION
fixed length control field 160519b xxu||||| |||| 00| 0 eng d
041 ## - LANGUAGE CODE
Language code of text/sound track or separate title eng
082 ## - DEWEY DECIMAL CLASSIFICATION NUMBER
Item number 3301
100 ## - MAIN ENTRY--AUTHOR NAME
Personal name Verma H.C.
245 ## - TITLE STATEMENT
Title Concepts of Physics
260 ## - PUBLICATION, DISTRIBUTION, ETC. (IMPRINT)
Name of publisher Bharti Bhawan Pub.
Year of publication 1993
650 ## - SUBJECT ADDED ENTRY--TOPICAL TERM
Topical Term DIPLOMA ENGINEERING
942 ## - ADDED ENTRY ELEMENTS (KOHA)
Koha item type Books
Holdings
Lost status Damaged status Home library Current library Shelving location Date acquired Cost, normal purchase price Full call number Accession Number Koha item type Collection code
    JRU Library JRU Library SHELF-56-A 19/05/2016 248.00 3301 3301 Books  
    JRU Library JRU Library SHELF-56-A 19/05/2016 248.00 3301 3302 Books MANAGEMENT